000 00655nam a2200241Ia 4500
003 OSt
005 20220925232140.0
006 a|||||r|||| 00| 0
007 ta
008 220923b |||||||| |||| 00| 0 eng d
020 _a0314095721
037 _cGeneral Book
040 _aRTL
_cRTL
_beng
041 _2eng
_aeng
082 _aX89F, N7
100 _aLee C F
_9296765
245 0 _aFundamentals of financial management
260 _aMinneaplis
_bWest Publication Co.
_c1997
300 _axxviii, 655p
_ccm.
650 _aManagerial Accounting
_9241549
942 _hX89F, N7
_cGB
_2CC
999 _c590447
_d590447